Ake the Year of Childhood. (Record no. 2252)

MARC details
000 -LEADER
fixed length control field 00347nam a22001217a 4500
005 - DATE AND TIME OF LATEST TRANSACTION
control field 20200910151847.0
008 - FIXED-LENGTH DATA ELEMENTS--GENERAL INFORMATION
fixed length control field 200910b ||||| |||| 00| 0 eng d
020 ## - INTERNATIONAL STANDARD BOOK NUMBER
International Standard Book Number 0394722191
040 ## - CATALOGING SOURCE
Transcribing agency CML
245 ## - TITLE STATEMENT
Title Ake the Year of Childhood.
Statement of responsibility, etc. Soyinka, W.
260 ## - PUBLICATION, DISTRIBUTION, ETC.
Place of publication, distribution, etc. New york
Name of publisher, distributor, etc. Aventura
Date of publication, distribution, etc. 1983
942 ## - ADDED ENTRY ELEMENTS (KOHA)
Source of classification or shelving scheme Dewey Decimal Classification
Koha item type Books
Edition 1st Edition
Classification part 822
Call number suffix SOY
Holdings
Withdrawn status Lost status Source of classification or shelving scheme Damaged status Not for loan Collection code Home library Current library Shelving location Date acquired Total Checkouts Full call number Barcode Date last seen Copy number Price effective from Koha item type
    Dewey Decimal Classification     Literature & Rhetoric Chalimbana Main Library Chalimbana Main Library Literature & Rhetoric 09/10/2020   822 SOY 9780394722191 09/10/2020 1 09/10/2020 Books

Powered by Koha